[Event "2nd Gujarat Open 2019"]
[Site "Ahmedabad, Gujarat"]
[Date "2019.09.26"]
[Round "7.3"]
[White "Vasquez Schroeder, Rodrigo"]
[Black "Hesham, Abdelrahman"]
[Result "1-0"]
[WhiteElo "2476"]
[BlackElo "2396"]
[Annotator "ChessBase"]
[PlyCount "139"]
[EventDate "2019.09.22"]
[EventType "swiss"]
[EventCountry "IND"]
[SourceTitle "playchess.com"]
[Source "ChessBase"]
[SourceQuality "1"]
[TimeControl "5400+30"]

1. e4 {[%emt 0:00:00]} e5 {[%emt 0:00:00]} 2. Nf3 {[%emt 0:00:23]} Nc6 {[%emt 0:00:00]} 3. Bb5 {[%emt 0:00:24]} Nf6 {[%emt 0:00:31]} 4. d3 {[%emt 0:00:13]} d6 {[%emt 0:00:19]} 5. O-O {[%emt 0:00:46]} Be7 {[%emt 0:00:04]} 6. c3 {[%emt 0:01:41]} O-O {[%emt 0:01:03]} 7. Re1 {[%emt 0:00:29]} a6 {[%emt 0:01:33]} 8. Ba4 {[%emt 0:00:07]} Re8 {[%emt 0:00:07]} 9. Nbd2 {[%emt 0:00:34]} Bf8 {[%emt 0:00:21]} 10. Nf1 {[%emt 0:02:30]} h6 {[%emt 0:00:06]} 11. Ng3 {[%emt 0:01:19]} b5 {[%emt 0:12:43]} 12. Bb3 {[%emt 0:01:40]} Na5 {[%emt 0:02:20]} 13. Bc2 {[%emt 0:00:06]} c5 {[%emt 0:00:18]} 14. d4 {[%emt 0:00:55]} exd4 {[%emt 0:01:44]} 15. cxd4 {[%emt 0:00:13]} Bg4 {[%emt 0:00:07]} 16. d5 {[%emt 0:03:23]} Bxf3 {[%emt 0:02:20]} 17. gxf3 {[%emt 0:00:31]} Nc4 {[%emt 0:03:20]} 18. f4 {[%emt 0:00:54]} Nd7 {[%emt 0:04:09]} 19. b3 {[%emt 0:01:54]} Ncb6 {[%emt 0:08:06]} 20. Kh1 {[%emt 0:04:58]} g6 {[%emt 0:06:06]} 21. Rg1 {[%emt 0:02:58]} Bg7 {[%emt 0:00:24]} 22. Rb1 {[%emt 0:00:08]} Qh4 {[%emt 0:03:14]} 23. Rg2 {[%emt 0:04:40]} Kh8 {[%emt 0:09:05]} 24. Bd2 {[%emt 0:02:39]} a5 {[%emt 0:02:58]} 25. Bd3 {[%emt 0:04:27]} c4 {[%emt 0:06:40]} 26. bxc4 {[%emt 0:00:07]} bxc4 {[%emt 0:00:07]} 27. Bc2 {[%emt 0:00:29]} c3 {[%emt 0:01:08]} 28. Be3 {[%emt 0:01:13]} Nc4 {[%emt 0:00:39]} 29. Bd4 {[%emt 0:00:22]} Rg8 {[%emt 0:00:10]} 30. Rb7 {[%emt 0:06:52]} Nb2 {[%emt 0:10:08]} 31. Bxg7+ {[%emt 0:01:04]} Rxg7 {[%emt 0:00:06]} 32. Qd4 {[%emt 0:01:17]} Qf6 {[%emt 0:00:42]} 33. Qxf6 {[%emt 0:01:08]} Nxf6 {[%emt 0:00:06]} 34. Rc7 {[%emt 0:00:16]} Rgg8 {[%emt 0:00:05]} 35. Rxf7 {[%emt 0:00:57]} Rgf8 {[%emt 0:02:14]} 36. Rxf8+ {[%emt 0:00:44]} Rxf8 {[%emt 0:00:02]} 37. Ne2 {[%emt 0:00:32]} Nh5 {[%emt 0:00:28]} 38. Rxg6 {[%emt 0:01:44]} Nxf4 {[%emt 0:00:04]} 39. Nxf4 {[%emt 0:00:15]} Rxf4 {[%emt 0:00:04]} 40. Kg2 {[%emt 0:01:56]} Nc4 {[%emt 0:00:04]} 41. Rxh6+ {[%emt 0:00:22]} Kg7 {[%emt 0:00:04]} 42. Rh3 {[%emt 0:00:11]} Na3 {[%emt 0:00:05]} 43. Rxc3 {[%emt 0:00:12]} Nxc2 {[%emt 0:00:04]} 44. Rxc2 {[%emt 0:00:14]} Rxe4 {[%emt 0:00:04]} 45. Rc6 {[%emt 0:00:14]} Ra4 {[%emt 0:00:06]} 46. Rxd6 {[%emt 0:00:05]} Rxa2 {[%emt 0:00:03]} 47. Ra6 {[%emt 0:01:45]} a4 {[%emt 0:00:46]} 48. Kf3 {[%emt 0:00:20]} Rd2 {[%emt 0:01:52]} 49. Rxa4 {[%emt 0:03:10]} Rxd5 {[%emt 0:00:06]} 50. Kg4 {[%emt 0:00:17]} Rd6 {[%emt 0:01:27]} 51. h4 {[%emt 0:00:59]} Kg6 {[%emt 0:00:39]} 52. f4 {[%emt 0:00:31]} Rb6 {[%emt 0:00:21]} 53. Ra5 {[%emt 0:00:11]} Rc6 {[%emt 0:00:07]} 54. Rg5+ {[%emt 0:00:28]} Kf6 {[%emt 0:03:17]} 55. h5 {[%emt 0:00:30]} Kf7 {[%emt 0:00:05]} 56. Rf5+ {[%emt 0:00:34]} Kg7 {[%emt 0:00:43]} 57. Kg5 {[%emt 0:00:28]} Rc1 {[%emt 0:00:31]} 58. h6+ {[%emt 0:00:57]} Kg8 {[%emt 0:02:47]} 59. Kg6 {[%emt 0:01:01]} Rg1+ {[%emt 0:03:55]} 60. Rg5 {[%emt 0:00:08]} Rh1 {[%emt 0:00:53]} 61. Rg2 {[%emt 0:01:09]} Rh3 {[%emt 0:01:19]} 62. f5 {[%emt 0:00:08]} Rh1 {[%emt 0:03:37]} 63. f6 {[%emt 0:06:10]} Rf1 {[%emt 0:01:06]} 64. Rg4 {[%emt 0:01:31]} Rf2 {[%emt 0:00:09]} 65. Rg5 {[%emt 0:00:54]} Rf1 {[%emt 0:00:16]} 66. h7+ {[%emt 0:04:21]} Kh8 {[%emt 0:00:05]} 67. f7 {[%emt 0:00:12]} Rf2 {[%emt 0:02:37]} 68. Rf5 {[%emt 0:00:14]} Rxf5 {[%emt 0:00:04]} 69. Kxf5 {[%emt 0:00:07]} Kxh7 {[%emt 0:00:02]} 70. Kf6 {[%emt 0:00:12]} 1-0

[Event "2nd Gujarat Open 2019"]
[Site "Ahmedabad, Gujarat"]
[Date "2019.09.26"]
[Round "7.4"]
[White "Das, Sayantan"]
[Black "Eraschenkov, Denis"]
[Result "1/2-1/2"]
[WhiteElo "2434"]
[BlackElo "2390"]
[Annotator "NA"]
[PlyCount "120"]
[EventDate "2019.09.22"]
[EventType "swiss"]
[EventCountry "IND"]
[SourceTitle "playchess.com"]
[Source "ChessBase"]
[SourceQuality "1"]
[TimeControl "5400+30"]

1. e4 {[%emt 0:00:14]} e5 {[%emt 0:00:00]} 2. Nf3 {[%emt 0:00:23]} Nf6 {[%emt 0:00:02]} 3. Nxe5 {[%emt 0:00:31]} d6 {[%emt 0:00:07]} 4. Nf3 {[%emt 0:00:13]} Nxe4 {[%emt 0:00:09]} 5. Nc3 {[%emt 0:00:10]} Nxc3 {[%emt 0:00:11]} 6. dxc3 {[%emt 0:00:10]} Be7 {[%emt 0:00:07]} 7. Be3 {[%emt 0:00:19]} Nc6 {[%emt 0:00:12]} 8. Qd2 {[%emt 0:00:14]} O-O {[%emt 0:00:27]} 9. h3 {[%emt 0:05:01]} Be6 {[%emt 0:07:09]} 10. Be2 {[%emt 0:04:44]} Ne5 {[%emt 0:12:49]} 11. Nd4 {[%emt 0:08:55]} Bc4 {[%emt 0:00:29]} 12. O-O-O {[%emt 0:04:07]} Bxa2 {[%emt 0:26:41]} 13. b3 {[%emt 0:10:36]} a5 {[%emt 0:00:15]} 14. Kb2 {[%emt 0:05:04]} a4 {[%emt 0:00:32]} 15. Ra1 {[%emt 0:09:01]} axb3 {[%emt 0:00:21]} 16. cxb3 {[%emt 0:00:07]} c5 {[%emt 0:03:19]} 17. Nf5 {[%emt 0:02:38]} Bf6 {[%emt 0:15:40]} 18. Rxa2 {[%emt 0:02:47]} Rxa2+ {[%emt 0:00:51]} 19. Kxa2 {[%emt 0:00:03]} Qa5+ {[%emt 0:00:10]} 20. Kb2 {[%emt 0:04:32]} Ra8 {[%emt 0:01:05]} 21. Rb1 {[%emt 0:00:51]} Nc6 {[%emt 0:03:09]} 22. Kc2 {[%emt 0:14:19]} d5 {[%emt 0:04:44]} 23. Rc1 {[%emt 0:10:52]} d4 {[%emt 0:14:56]} 24. cxd4 {[%emt 0:00:17]} cxd4 {[%emt 0:00:56]} 25. Qxa5 {[%emt 0:04:54]} Rxa5 {[%emt 0:00:06]} 26. Nxd4 {[%emt 0:03:19]} Bxd4 {[%emt 0:01:02]} 27. Bxd4 {[%emt 0:02:02]} Nxd4+ {[%emt 0:00:07]} 28. Kb2 {[%emt 0:00:10]} Kf8 {[%emt 0:01:06]} 29. Rc8+ {[%emt 0:01:24]} Ke7 {[%emt 0:00:17]} 30. Bd3 {[%emt 0:00:45]} Ne6 {[%emt 0:01:26]} 31. Bc4 {[%emt 0:03:27]} Nd8 {[%emt 0:00:48]} 32. Bd3 {[%emt 0:00:42]} h5 {[%emt 0:00:49]} 33. Be4 {[%emt 0:00:44]} Kd7 {[%emt 0:00:57]} 34. Rc4 {[%emt 0:00:15]} Nc6 {[%emt 0:00:27]} 35. f4 {[%emt 0:01:17]} Kd6 {[%emt 0:01:03]} 36. g4 {[%emt 0:01:18]} hxg4 {[%emt 0:00:28]} 37. hxg4 {[%emt 0:00:02]} g5 {[%emt 0:01:19]} 38. Bf5 {[%emt 0:00:48]} gxf4 {[%emt 0:00:45]} 39. Rxf4 {[%emt 0:00:08]} Rd5 {[%emt 0:00:56]} 40. Bc2 {[%emt 0:01:31]} Ke7 {[%emt 0:00:55]} 41. Kc3 {[%emt 0:00:27]} Rc5+ {[%emt 0:00:28]} 42. Kd2 {[%emt 0:00:10]} f6 {[%emt 0:00:19]} 43. Re4+ {[%emt 0:00:53]} Kd6 {[%emt 0:00:24]} 44. Rf4 {[%emt 0:00:44]} Ke7 {[%emt 0:00:16]} 45. b4 {[%emt 0:00:24]} Rd5+ {[%emt 0:00:43]} 46. Kc3 {[%emt 0:00:07]} Ne5 {[%emt 0:00:21]} 47. Bf5 {[%emt 0:00:29]} b6 {[%emt 0:00:28]} 48. Rf1 {[%emt 0:00:25]} Rd6 {[%emt 0:00:46]} 49. Rh1 {[%emt 0:00:52]} Rc6+ {[%emt 0:01:28]} 50. Kb3 Rc4 {[%emt 0:01:12]} 51. Rh7+ {[%emt 0:00:33]} Kd8 {[%emt 0:00:56]} 52. Rb7 {[%emt 0:01:17]} Rf4 {[%emt 0:00:41]} 53. Rxb6 {[%emt 0:00:25]} Nxg4 {[%emt 0:00:09]} 54. Bxg4 {[%emt 0:00:42]} Rxg4 {[%emt 0:00:05]} 55. Rxf6 {[%emt 0:00:15]} Kc7 {[%emt 0:00:10]} 56. Ka4 {[%emt 0:00:11]} Kb7 {[%emt 0:00:10]} 57. Ka5 {[%emt 0:00:08]} Rg5+ {[%emt 0:00:20]} 58. b5 {[%emt 0:00:06]} Rg7 {[%emt 0:00:10]} 59. Rf5 {[%emt 0:01:05]} Rh7 {[%emt 0:00:08]} 60. Rc5 {[%emt 0:00:34]} Rg7 {[%emt 0:00:08]} 1/2-1/2

[Event "2nd Gujarat Open 2019"]
[Site "Ahmedabad, Gujarat"]
[Date "2019.09.26"]
[Round "7.5"]
[White "Bharat Kumar Reddy Poluri"]
[Black "Himanshu, Sharma"]
[Result "0-1"]
[WhiteElo "2304"]
[BlackElo "2408"]
[Annotator "NA"]
[PlyCount "74"]
[EventDate "2019.09.22"]
[EventType "swiss"]
[EventCountry "IND"]
[SourceTitle "playchess.com"]
[Source "ChessBase"]
[SourceQuality "1"]
[TimeControl "5400+30"]

1. e4 {[%emt 0:00:59]} c5 {[%emt 0:00:00]} 2. Nf3 {[%emt 0:00:08]} e6 {[%emt 0:00:58]} 3. d4 {[%emt 0:00:26]} cxd4 {[%emt 0:00:04]} 4. Nxd4 {[%emt 0:00:05]} Nf6 {[%emt 0:00:09]} 5. Nc3 {[%emt 0:00:03]} d6 {[%emt 0:00:06]} 6. Be2 {[%emt 0:00:10]} Nc6 {[%emt 0:00:15]} 7. Nb3 {[%emt 0:00:19]} a6 {[%emt 0:00:43]} 8. a4 {[%emt 0:01:24]} b6 {[%emt 0:00:32]} 9. O-O {[%emt 0:00:41]} Be7 {[%emt 0:00:29]} 10. f4 {[%emt 0:00:22]} Qc7 {[%emt 0:00:33]} 11. Bf3 {[%emt 0:01:46]} Rb8 {[%emt 0:02:15]} 12. Be3 {[%emt 0:00:32]} O-O {[%emt 0:00:54]} 13. g4 {[%emt 0:02:51]} Re8 {[%emt 0:00:53]} 14. g5 {[%emt 0:00:19]} Nd7 {[%emt 0:00:06]} 15. Kh1 {[%emt 0:01:06]} Bf8 {[%emt 0:00:19]} 16. Qd2 {[%emt 0:00:46]} Na5 {[%emt 0:00:50]} 17. Nxa5 {[%emt 0:03:49]} bxa5 {[%emt 0:00:15]} 18. Ra2 {[%emt 0:01:50]} Rb4 {[%emt 0:06:11]} 19. Ne2 {[%emt 0:11:39]} Bb7 {[%emt 0:05:20]} 20. Ng3 {[%emt 0:03:10]} Nc5 {[%emt 0:02:47]} 21. Qg2 {[%emt 0:03:25]} g6 {[%emt 0:07:35]} 22. b3 {[%emt 0:01:47]} e5 {[%emt 0:05:47]} 23. f5 {[%emt 0:03:28]} d5 {[%emt 0:02:36]} 24. exd5 {[%emt 0:06:19]} e4 {[%emt 0:00:55]} 25. Be2 {[%emt 0:03:06]} Bxd5 {[%emt 0:00:27]} 26. Raa1 {[%emt 0:00:32]} Nd7 {[%emt 0:08:21]} 27. Rad1 {[%emt 0:01:00]} Bb7 {[%emt 0:04:53]} 28. fxg6 {[%emt 0:13:33]} hxg6 {[%emt 0:01:14]} 29. Bc4 {[%emt 0:12:38]} Rxc4 {[%emt 0:03:24]} 30. bxc4 {[%emt 0:00:14]} Ne5 {[%emt 0:00:13]} 31. Qe2 {[%emt 0:01:24]} Nxc4 {[%emt 0:00:55]} 32. Bd4 {[%emt 0:01:15]} e3+ {[%emt 0:02:50]} 33. Kg1 {[%emt 0:00:02]} Bd6 {[%emt 0:05:54]} 34. Rf3 {[%emt 0:02:14]} Bxf3 {[%emt 0:20:10]} 35. Qxf3 {[%emt 0:00:03]} Nd2 {[%emt 0:00:25]} 36. Qe2 {[%emt 0:01:43]} Bxg3 {[%emt 0:02:53]} 37. Rxd2 {[%emt 0:00:12]} Bf2+ {[%emt 0:00:21]} 0-1

[Event "2nd Gujarat Open 2019"]
[Site "Ahmedabad, Gujarat"]
[Date "2019.09.26"]
[Round "7.6"]
[White "Manush Shah"]
[Black "Rahman, Ziaur"]
[Result "1-0"]
[WhiteElo "2352"]
[BlackElo "2492"]
[Annotator "ChessBase"]
[PlyCount "55"]
[EventDate "2019.09.22"]
[EventType "swiss"]
[EventCountry "IND"]
[SourceTitle "playchess.com"]
[Source "ChessBase"]
[SourceQuality "1"]
[TimeControl "5400+30"]

1. d4 {[%emt 0:00:28]} Nf6 {[%emt 0:00:29]} 2. Nf3 {[%emt 0:00:12]} g6 {[%emt 0:02:17]} 3. c4 {[%emt 0:00:28]} Bg7 {[%emt 0:00:06]} 4. g3 {[%emt 0:00:05]} O-O {[%emt 0:00:44]} 5. Bg2 {[%emt 0:00:10]} d6 {[%emt 0:00:06]} 6. Nc3 {[%emt 0:00:13]} Nbd7 {[%emt 0:02:27]} 7. O-O {[%emt 0:00:14]} e5 {[%emt 0:00:03]} 8. dxe5 {[%emt 0:05:01]} dxe5 {[%emt 0:01:42]} 9. Qb3 {[%emt 0:00:05]} c6 {[%emt 0:01:31]} 10. Rd1 {[%emt 0:00:31]} Qe7 {[%emt 0:02:53]} 11. Ng5 {[%emt 0:03:56]} a5 {[%emt 0:12:28]} 12. Nge4 {[%emt 0:05:51]} Qb4 {[%emt 0:10:30]} 13. Bd2 {[%emt 0:17:48]} Qxb3 {[%emt 0:12:20]} 14. axb3 {[%emt 0:01:09]} Nxe4 {[%emt 0:00:37]} 15. Nxe4 {[%emt 0:02:33]} f5 {[%emt 0:00:41]} 16. Ng5 {[%emt 0:14:06]} Nc5 {[%emt 0:02:33]} 17. Bb4 {[%emt 0:01:50]} axb4 {[%emt 0:05:55]} 18. Rxa8 {[%emt 0:00:05]} e4 {[%emt 0:00:32]} 19. f3 {[%emt 0:10:28]} Bxb2 {[%emt 0:03:04]} 20. fxe4 {[%emt 0:01:00]} Bf6 {[%emt 0:02:26]} 21. Nf3 {[%emt 0:04:33]} fxe4 {[%emt 0:04:17]} 22. Nd2 {[%emt 0:07:16]} Bc3 {[%emt 0:04:37]} 23. Nxe4 {[%emt 0:00:56]} Nxb3 {[%emt 0:00:10]} 24. Rf1 {[%emt 0:04:52]} Rd8 {[%emt 0:01:10]} 25. Bh3 {[%emt 0:00:34]} Bxh3 {[%emt 0:05:45]} 26. Rxd8+ {[%emt 0:00:04]} Kg7 {[%emt 0:00:03]} 27. Rb1 {[%emt 0:04:43]} Bd4+ {[%emt 0:02:10]} 28. Nf2 {[%emt 0:00:24]} 1-0

[Event "2nd Gujarat Open 2019"]
[Site "Ahmedabad, Gujarat"]
[Date "2019.09.26"]
[Round "7.7"]
[White "Deepan Chakkravarthy J."]
[Black "Sidhant, Mohapatra"]
[Result "1/2-1/2"]
[WhiteElo "2539"]
[BlackElo "2357"]
[Annotator "ChessBase"]
[PlyCount "78"]
[EventDate "2019.09.22"]
[EventType "swiss"]
[EventCountry "IND"]
[SourceTitle "playchess.com"]
[Source "ChessBase"]
[SourceQuality "1"]
[TimeControl "5400+30"]

1. e4 {[%emt 0:04:26]} c5 {[%emt 0:00:00]} 2. Nf3 {[%emt 0:00:04]} d6 {[%emt 0:00:00]} 3. d4 {[%emt 0:04:15]} cxd4 {[%emt 0:00:15]} 4. Nxd4 {[%emt 0:00:03]} Nf6 {[%emt 0:00:10]} 5. Nc3 {[%emt 0:00:02]} a6 {[%emt 0:00:08]} 6. a4 {[%emt 0:00:07]} e5 {[%emt 0:03:48]} 7. Nde2 {[%emt 0:03:33]} Be7 {[%emt 0:07:26]} 8. g3 {[%emt 0:00:13]} O-O {[%emt 0:00:21]} 9. Bg2 {[%emt 0:00:03]} Be6 {[%emt 0:00:19]} 10. O-O {[%emt 0:00:05]} Nbd7 {[%emt 0:05:12]} 11. h3 {[%emt 0:02:03]} Rc8 {[%emt 0:01:58]} 12. Be3 {[%emt 0:06:26]} Qc7 {[%emt 0:13:02]} 13. a5 {[%emt 0:02:51]} Rfe8 {[%emt 0:14:15]} 14. Qd2 {[%emt 0:02:24]} Bc4 {[%emt 0:11:25]} 15. Rfc1 {[%emt 0:00:20]} Qc6 {[%emt 0:05:53]} 16. g4 {[%emt 0:12:59]} Bxe2 {[%emt 0:09:33]} 17. Qxe2 {[%emt 0:02:51]} Nc5 {[%emt 0:00:05]} 18. g5 {[%emt 0:10:36]} Nfd7 {[%emt 0:05:22]} 19. Nd5 {[%emt 0:00:09]} Bd8 {[%emt 0:00:43]} 20. b4 {[%emt 0:05:02]} Ne6 {[%emt 0:00:06]} 21. c4 {[%emt 0:00:04]} Ndf8 {[%emt 0:09:24]} 22. Qg4 {[%emt 0:05:26]} Qd7 {[%emt 0:00:32]} 23. h4 {[%emt 0:00:49]} Rc6 {[%emt 0:01:38]} 24. Kh2 {[%emt 0:13:32]} Ng6 {[%emt 0:02:00]} 25. Bh3 {[%emt 0:00:33]} Qc8 {[%emt 0:00:36]} 26. h5 {[%emt 0:02:59]} Ngf8 {[%emt 0:00:45]} 27. c5 {[%emt 0:09:49]} dxc5 {[%emt 0:01:39]} 28. Bxc5 {[%emt 0:00:04]} Nd7 {[%emt 0:02:21]} 29. Be3 {[%emt 0:00:09]} g6 {[%emt 0:02:47]} 30. Rd1 {[%emt 0:02:03]} Be7 {[%emt 0:00:29]} 31. hxg6 {[%emt 0:05:21]} hxg6 {[%emt 0:01:20]} 32. Qh4 {[%emt 0:00:07]} Bf8 {[%emt 0:00:22]} 33. Kg2 {[%emt 0:02:14]} Rd6 {[%emt 0:01:11]} 34. Nf6+ {[%emt 0:01:06]} Nxf6 {[%emt 0:00:12]} 35. gxf6 {[%emt 0:00:24]} Rxd1 {[%emt 0:01:39]} 36. Rxd1 {[%emt 0:00:01]} Qc2 {[%emt 0:00:01]} 37. Re1 {[%emt 0:03:35]} Nf4+ {[%emt 0:00:44]} 38. Bxf4 {[%emt 0:00:02]} exf4 {[%emt 0:00:01]} 39. Bf5 {[%emt 0:01:55]} Qc3 {[%emt 0:00:03]} 1/2-1/2

[Event "2nd Gujarat Open 2019"]
[Site "Ahmedabad, Gujarat"]
[Date "2019.09.26"]
[Round "7.8"]
[White "Pranav Vijay"]
[Black "Nguyen, Van Huy"]
[Result "0-1"]
[WhiteElo "2265"]
[BlackElo "2454"]
[Annotator "ChessBase"]
[PlyCount "182"]
[EventDate "2019.09.22"]
[EventType "swiss"]
[EventCountry "IND"]
[SourceTitle "playchess.com"]
[Source "ChessBase"]
[SourceQuality "1"]
[TimeControl "5400+30"]

1. e4 c6 {[%emt 0:01:11]} 2. d4 {[%emt 0:00:00]} d5 {[%emt 0:00:21]} 3. e5 {[%emt 0:00:00]} Bf5 {[%emt 0:00:19]} 4. Nf3 {[%emt 0:00:00]} e6 {[%emt 0:00:05]} 5. Be2 {[%emt 0:00:00]} Bb4+ {[%emt 0:00:53]} 6. Nbd2 {[%emt 0:00:02]} Nd7 {[%emt 0:00:23]} 7. O-O {[%emt 0:00:14]} Ba5 {[%emt 0:00:21]} 8. Nb3 {[%emt 0:00:56]} Bc7 {[%emt 0:02:31]} 9. Ne1 {[%emt 0:00:20]} Ne7 {[%emt 0:01:32]} 10. f4 {[%emt 0:02:12]} O-O {[%emt 0:03:16]} 11. Nd3 {[%emt 0:07:54]} Bb6 {[%emt 0:05:33]} 12. Be3 {[%emt 0:04:17]} f6 {[%emt 0:02:55]} 13. exf6 {[%emt 0:05:24]} Rxf6 {[%emt 0:03:53]} 14. Bf3 {[%emt 0:03:47]} Qc7 {[%emt 0:09:13]} 15. a4 {[%emt 0:03:53]} a6 {[%emt 0:03:59]} 16. Qd2 {[%emt 0:06:25]} Bxd3 {[%emt 0:03:58]} 17. cxd3 {[%emt 0:00:13]} Raf8 {[%emt 0:03:26]} 18. Rae1 {[%emt 0:03:26]} Qb8 {[%emt 0:03:05]} 19. g3 {[%emt 0:01:59]} Bc7 {[%emt 0:02:26]} 20. Bg2 {[%emt 0:05:37]} Nf5 {[%emt 0:06:24]} 21. Bf2 {[%emt 0:00:14]} h5 {[%emt 0:01:45]} 22. Qe2 {[%emt 0:02:01]} Rh6 {[%emt 0:04:25]} 23. Bh3 {[%emt 0:03:56]} Rff6 {[%emt 0:05:28]} 24. Nd2 {[%emt 0:06:13]} Bb6 {[%emt 0:02:42]} 25. Nf3 {[%emt 0:01:28]} Qa7 {[%emt 0:00:30]} 26. Bxf5 {[%emt 0:01:16]} Rxf5 {[%emt 0:00:59]} 27. Be3 {[%emt 0:00:11]} Rf8 {[%emt 0:03:35]} 28. Kg2 {[%emt 0:04:31]} Rhf6 {[%emt 0:01:10]} 29. Ng5 {[%emt 0:00:24]} g6 {[%emt 0:02:51]} 30. Bg1 {[%emt 0:01:09]} Ba5 {[%emt 0:03:32]} 31. Rb1 {[%emt 0:00:46]} Qb8 {[%emt 0:01:40]} 32. f5 {[%emt 0:01:39]} exf5 {[%emt 0:02:45]} 33. Qe7 {[%emt 0:00:13]} R8f7 {[%emt 0:00:24]} 34. Nxf7 {[%emt 0:00:07]} Rxf7 {[%emt 0:00:04]} 35. Qg5 {[%emt 0:02:23]} Nf8 {[%emt 0:00:47]} 36. b4 {[%emt 0:00:11]} Bd8 37. Qd2 {[%emt 0:00:41]} Bf6 {[%emt 0:01:50]} 38. Rfe1 {[%emt 0:01:21]} Qd6 {[%emt 0:00:32]} 39. Qe3 {[%emt 0:06:20]} Re7 {[%emt 0:00:37]} 40. Qd2 {[%emt 0:04:16]} Rxe1 {[%emt 0:01:21]} 41. Rxe1 {[%emt 0:00:06]} Ne6 {[%emt 0:00:36]} 42. Bf2 {[%emt 0:00:46]} Kf7 {[%emt 0:00:22]} 43. Qe3 {[%emt 0:02:22]} Qd7 {[%emt 0:01:55]} 44. Qc1 {[%emt 0:01:22]} Nxd4 {[%emt 0:01:51]} 45. Bxd4 {[%emt 0:04:38]} Bxd4 {[%emt 0:00:04]} 46. Qf4 {[%emt 0:00:05]} Bf6 {[%emt 0:00:16]} 47. d4 {[%emt 0:01:25]} Be7 {[%emt 0:01:46]} 48. Rb1 {[%emt 0:02:45]} Qe6 {[%emt 0:01:04]} 49. Kf2 {[%emt 0:00:42]} Qe4 {[%emt 0:03:30]} 50. Qxe4 {[%emt 0:04:46]} dxe4 {[%emt 0:00:36]} 51. b5 {[%emt 0:00:01]} axb5 {[%emt 0:00:29]} 52. axb5 {[%emt 0:00:01]} c5 {[%emt 0:00:43]} 53. dxc5 {[%emt 0:04:53]} Bxc5+ {[%emt 0:00:10]} 54. Ke2 {[%emt 0:00:02]} g5 {[%emt 0:03:23]} 55. Rc1 {[%emt 0:00:07]} Bd6 {[%emt 0:00:34]} 56. Rc8 {[%emt 0:03:34]} h4 {[%emt 0:03:56]} 57. gxh4 {[%emt 0:01:16]} gxh4 {[%emt 0:00:15]} 58. Rh8 {[%emt 0:03:08]} f4 {[%emt 0:00:57]} 59. Rxh4 {[%emt 0:00:09]} Kg6 {[%emt 0:00:17]} 60. Rh3 {[%emt 0:00:51]} Bc5 {[%emt 0:00:55]} 61. Rc3 {[%emt 0:00:31]} f3+ {[%emt 0:00:33]} 62. Kf1 {[%emt 0:00:00]} Bb6 {[%emt 0:00:24]} 63. Rc8 {[%emt 0:01:13]} e3 {[%emt 0:01:17]} 64. Re8 {[%emt 0:00:01]} Kf5 {[%emt 0:00:45]} 65. Re7 {[%emt 0:00:27]} Bc5 {[%emt 0:00:35]} 66. Re8 {[%emt 0:00:07]} b6 {[%emt 0:00:15]} 67. Ke1 {[%emt 0:00:11]} Kg4 {[%emt 0:00:43]} 68. Rg8+ {[%emt 0:00:23]} Kf4 {[%emt 0:00:23]} 69. Re8 {[%emt 0:00:04]} Kf5 {[%emt 0:00:55]} 70. Kf1 {[%emt 0:00:08]} Kg4 {[%emt 0:00:44]} 71. Rg8+ {[%emt 0:00:22]} Kf4 {[%emt 0:00:02]} 72. Re8 {[%emt 0:00:07]} Bd4 {[%emt 0:00:43]} 73. Ke1 {[%emt 0:01:12]} Be5 {[%emt 0:00:50]} 74. Kf1 {[%emt 0:00:23]} Ke4 {[%emt 0:00:34]} 75. Ke1 {[%emt 0:00:35]} Kd4 {[%emt 0:00:34]} 76. Rf8 {[%emt 0:00:31]} Ke4 {[%emt 0:00:04]} 77. Re8 {[%emt 0:00:06]} Kf5 {[%emt 0:00:35]} 78. Kf1 {[%emt 0:00:45]} Bd4 {[%emt 0:00:46]} 79. Ke1 {[%emt 0:00:55]} e2 {[%emt 0:01:18]} 80. Re7 {[%emt 0:00:46]} Bf6 {[%emt 0:00:22]} 81. Re8 {[%emt 0:00:20]} Bh4+ {[%emt 0:00:06]} 82. Kd2 {[%emt 0:00:00]} Kg4 {[%emt 0:00:13]} 83. h3+ {[%emt 0:02:39]} Kxh3 {[%emt 0:00:15]} 84. Re3 {[%emt 0:00:06]} e1=Q+ {[%emt 0:00:18]} 85. Rxe1 {[%emt 0:00:11]} Bxe1+ {[%emt 0:00:05]} 86. Ke3 {[%emt 0:00:19]} f2 {[%emt 0:00:08]} 87. Ke2 {[%emt 0:00:02]} Kg2 {[%emt 0:00:04]} 88. Kd1 {[%emt 0:00:03]} f1=Q {[%emt 0:00:21]} 89. Kc2 {[%emt 0:00:04]} Qc4+ {[%emt 0:00:12]} 90. Kd1 {[%emt 0:00:04]} Kf3 {[%emt 0:00:09]} 91. Kxe1 {[%emt 0:00:04]} Qc1# {[%emt 0:00:04]} 0-1